000 00377nam a2200157Ia 4500
005 20240807062352.0
008 240806s9999||||xx |||||||||||||| ||eng||
041 _aeng
082 _a891.433
_bSHAB
100 _aSharma, Kailash Chandra
245 0 _aBare ka admi /
_cSharma, Kailash Chandra
260 _bSanchyan, Kanpur
300 _a117
650 _aHindi
942 _cBK
999 _c16860
_d16860